| 000 | 00760nam a2200217Ia 4500 | ||
|---|---|---|---|
| 001 | 7527 | ||
| 003 | GE_BSU | ||
| 008 | 181216s||||||||xx |||||||||||||| ||und|| | ||
| 040 | _cGE_BSU | ||
| 080 | _a621.395(075.32) | ||
| 100 | _aЗуев,Г.А. Хачиров,Л.И. | ||
| 245 | _aМонтер связи абонентских устроиств городских телефонных сетей. | ||
| 245 | _bУчеб. пособ. | ||
| 245 | _cред. Г.А.Сильвестрович. | ||
| 260 | _aМ. | ||
| 260 | _bВысш. школа. | ||
| 260 | _c1970. | ||
| 300 | _a296стр.20см.с илл. | ||
| 653 | _aМонтер связи абонентских устроиств городских телефонных сетей. | ||
| 942 | _cBK | ||
| 999 |
_c40883 _d40883 |
||